00891nam a22001577a 4500008004100000020001500041050001600056100002100072245013000093260003200223300002900255500002000284505039900304650001400703650001600717120605t xxu||||| |||| 00| 0 eng d a0156072351 aHF5667.M514 aBailey, Larry P. aGAAS guide: a comprehensive restatement of standards for auditing, attestation, compilation and review. / cLarry P. Bailey,  aNew York:bHarcourt,c2000. alv 906p.:bills.;c23cm. aIncludes index. aContents: Introduction -- The General standards -- The Standards of field work -- The First, second and third standards of reporting -- The Fourth standards of reporting -- Other types of reports -- Special topics -- Compliance auditing -- Special reports of the committee on auditing procedure -- Statements on standards for accounting and review services -- Continuing professional education. aAuditing  aAccounting